Sermones predicados en la iglesia de señoras religiosas del Convento de Jesús María, por el Doctor D. Lázaro de la Garza y Ballesteros. El primero en 15 de enero de 1833, siendo catedrático de cánones del Seminario Conciliar, y el segundo en 11 de enero de 1852, siendo arzobispo de México

Detalles Bibliográficos
Autor principal: Garza y Ballesteros, Lázaro de la arz. de México 1785-1862
Formato: Libro
Lenguaje:Spanish
Publicado: México 1852
Materias:
Colección:Banco de datos
Acervo:Biblioteca de la Congregación del Oratorio de San Felipe Neri de México. Iglesia La Profesa
Descripción Física:28 p. 4°
Tema general:Homilética
Notas:Encuadernación en piel sobre cartón (7172-K). Encuadernación en cartón con lomo en piel (7278-C). Daños de humedad y en la encuadernación (7278-C)
LEADER 01044nam a22001930004500
035 |a 3300 
041 0 |a spa 
100 1 |a Garza y Ballesteros, Lázaro de la  |c arz. de México  |d 1785-1862 
245 1 0 |a Sermones predicados en la iglesia de señoras religiosas del Convento de Jesús María, por el Doctor D. Lázaro de la Garza y Ballesteros. El primero en 15 de enero de 1833, siendo catedrático de cánones del Seminario Conciliar, y el segundo en 11 de enero de 1852, siendo arzobispo de México 
260 |a México  |b imprenta de la Voz de la Religión  |c 1852 
300 |a 28 p.  |c 4° 
500 |a Encuadernación en piel sobre cartón (7172-K). Encuadernación en cartón con lomo en piel (7278-C). Daños de humedad y en la encuadernación (7278-C) 
501 |a 15 obras (7172-K) 
501 |a 17 obras (7278-C) 
650 1 0 |a Homilética 
949 |a Iglesia La Profesa, Biblioteca 7172-K, 7278-C 
942 |c PROFESA 
943 |g Biblioteca de la Congregación del Oratorio de San Felipe Neri de México. Iglesia La Profesa 
999 |c 950111  |d 950111